| 000 | 00441nam a22001577a 4500 | ||
|---|---|---|---|
| 003 | OSt | ||
| 005 | 20150910134430.0 | ||
| 008 | 150910b xxu||||| |||| 00| 0 eng d | ||
| 040 | _cRUA | ||
| 082 | _aAGR ទឹម 1995 B013 Or.1 | ||
| 100 |
_9232 _aទឹម សាវ៉ាន់ |
||
| 245 | _aការវាយតំលៃលើសួនបន្លែ | ||
| 260 |
_aPhnom Penh _bRUA _c1995 |
||
| 300 |
_a54p. _bill. _c29cm. |
||
| 942 |
_2ddc _cAGR |
||
| 999 |
_c217 _d217 |
||